[Event "zonal 1.3 (w)"]
[Site "Helsinki FIN"]
[Date "1999.01.30"]
[Round "8"]
[White "Rantanen, Tanja"]
[Black "Hagesaether, Ellen"]
[Result "1/2-1/2"]
[WhiteElo "2003"]
[BlackElo "2028"]
[EventDate "1999.01.23"]
[PlyCount "91"]

1.e4 d6 2.d4 Nf6 3.Bd3 g6 4.Nf3 Bg7 5.O-O O-O 6.c3 Nbd7 7.Re1 e5 8.Bg5 h6 
9.Bh4 Qe8 10.Nbd2 Nh5 11.Bc2 Nb8 12.a4 Bg4 13.dxe5 dxe5 14.Nc4 Na6 15.Ne3 
Be6 16.Bg3 Nxg3 17.hxg3 Rd8 18.Qe2 c6 19.Rad1 Qe7 20.b4 Nc7 21.Nc4 Bg4 22.
Qe3 b6 23.a5 b5 24.Nb2 Ne6 25.Nd3 h5 26.Rd2 Bxf3 27.gxf3 Kh7 28.Rdd1 Bh6 
29.Qe2 Qg5 30.Kh2 h4 31.Bb3 Qf6 32.Bxe6 hxg3+ 33.fxg3 Qxe6 34.Nc5 Qe7 35.
Kg2 Kg7 36.a6 Rxd1 37.Rxd1 Rd8 38.Rd3 Kf8 39.Nb7 Rd7 40.Qd1 Ke8 41.Kf2 f6 
42.Ke2 Rxd3 43.Qxd3 Qd7 44.c4 Qxd3+ 45.Kxd3 Kd7 46.c5 1/2-1/2

[Event "zonal 1.3 (w)"]
[Site "Helsinki FIN"]
[Date "1999.01.31"]
[Round "9"]
[White "Agrest, Svetlana"]
[Black "Paasikangas-Tella, Johanna"]
[Result "0-1"]
[WhiteElo "2211"]
[BlackElo "2279"]
[EventDate "1999.01.23"]
[PlyCount "184"]

1.e4 g6 2.d4 Bg7 3.Nc3 d6 4.g3 Nc6 5.Be3 Nf6 6.h3 e5 7.Nge2 d5 8.dxe5 Nxe5
9.Bg2 Nc4 10.Bd4 Nxb2 11.Qb1 Nc4 12.exd5 O-O 13.Qb3 Nd6 14.O-O Re8 15.Rfe1
Nf5 16.Bc5 Nd7 17.Ba3 Ne5 18.Rad1 Nd6 19.Bc1 Bd7 20.Na4 Qc8 21.Kh2 Bb5 22.
Nf4 Bc4 23.Qb1 b6 24.Nb2 Ba6 25.c3 Qd7 26.Qc2 Re7 27.Nfd3 Nxd3 28.Rxe7 
Qxe7 29.Nxd3 Qf6 30.Bb2 Bc4 31.a4 a5 32.Nf4 Re8 33.Ba3 Qe7 34.Bc1 g5 35.
Nh5 Qe2 36.Qxe2 Bxe2 37.Nxg7 Bxd1 38.Nxe8 Nxe8 39.Bxg5 Bxa4 40.Bd8 Bb3 41.
d6 cxd6 42.Bxb6 a4 43.Bc6 Kf8 44.c4 a3 45.Bxe8 Kxe8 46.Kg2 Kd7 47.Kf3 Ke6 
48.Ke4 Bxc4 49.Bd4 Bf1 50.h4 Bh3 51.Ba1 Bf5+ 52.Kd4 a2 53.Bb2 Bg4 54.Ba1 
Kd7 55.Bb2 Kc6 56.Ba1 Be6 57.Bb2 Kb5 58.Ba1 Kb4 59.Kd3 Kc5 60.Bb2 Bf5+ 61.
Ke3 Kc4 62.Kd2 d5 63.Ba1 d4 64.Bb2 Kd5 65.Ke2 Bd7 66.Kd2 Ke4 67.Ba1 Bb5 
68.Bb2 h5 69.Ba1 f5 70.Bb2 f4 71.gxf4 d3 72.Be5 Bc4 73.Ke1 Be6 74.Kd2 Bf5 
75.Bb2 Kxf4 76.Bc3 Kg4 77.Bf6 a1=Q 78.Bxa1 Kxh4 79.Ke3 Kg4 80.f3+ Kg5 81.
Be5 h4 82.Bf4+ Kf6 83.Bc7 h3 84.Bb8 Ke6 85.Bf4 Kd5 86.Bc7 Kc4 87.Kd2 Bd7 
88.Bh2 Bc6 89.f4 Be4 90.f5 Bxf5 91.Bg1 Bg6 92.Bh2 Kd4 0-1

[Event "zonal 1.3 (w)"]
[Site "Helsinki FIN"]
[Date "1999.01.31"]
[Round "9"]
[White "Andersson, Christin"]
[Black "Hagesaether, Nina"]
[Result "0-1"]
[WhiteElo "2123"]
[BlackElo "2103"]
[EventDate "1999.01.23"]
[PlyCount "74"]

1.e4 d6 2.d4 Nf6 3.Nc3 g6 4.Nf3 Bg7 5.Be2 O-O 6.O-O c6 7.Bf4 Nbd7 8.h3 Nh5
9.Bh2 e5 10.dxe5 dxe5 11.Qd6 Re8 12.Rad1 Qf6 13.Bc4 Nf4 14.Qxf6 Bxf6 15.
Rd6 Kg7 16.Rfd1 Nf8 17.Kf1 N8e6 18.Ne2 Be7 19.R6d2 Nxe2 20.Rxe2 f6 21.Red2
Nc5 22.Re1 b5 23.Bb3 a5 24.c3 Nxb3 25.axb3 Be6 26.Red1 Bxb3 27.Rd7 Bxd1 
28.Rxd1 Red8 29.Nd2 a4 30.f4 exf4 31.Bxf4 a3 32.bxa3 Rxa3 33.Rc1 g5 34.Be3
Rd3 35.Re1 Raxc3 36.Nb1 Rxe3 37.Nxc3 Rxe1+ 0-1

[Event "zonal 1.3 (w)"]
[Site "Helsinki FIN"]
[Date "1999.01.31"]
[Round "9"]
[White "Berg, Susanne"]
[Black "Guindy, Esmat"]
[Result "0-1"]
[WhiteElo "2071"]
[BlackElo "2178"]
[EventDate "1999.01.23"]
[PlyCount "82"]

1.e4 e6 2.d4 d5 3.Nc3 Nf6 4.Bg5 dxe4 5.Nxe4 Be7 6.Bxf6 gxf6 7.Nf3 b6 8.Bc4
Bb7 9.Qe2 c6 10.O-O-O Qc7 11.Rhe1 Nd7 12.Kb1 O-O-O 13.Ba6 Bxa6 14.Qxa6+ 
Kb8 15.Qe2 Rhg8 16.g3 f5 17.Nc3 Nf6 18.Ne5 Bd6 19.f3 h5 20.Qe3 Kb7 21.Nc4 
h4 22.Nxd6+ Qxd6 23.gxh4 Nh5 24.Ne2 Qxh2 25.Rh1 Qd6 26.Rhg1 f4 27.Qe4 f5 
28.Qd3 Ng3 29.Nxg3 fxg3 30.Qe3 f4 31.Qe4 Rh8 32.Rh1 e5 33.c3 Qd5 34.Qe2 
exd4 35.Rxd4 Qf5+ 36.Kc1 Rhe8 37.Qd2 Rxd4 38.Qxd4 Re2 39.Qd1 g2 40.Re1 
Rxe1 41.Qxe1 Qc5 0-1

[Event "zonal 1.3 (w)"]
[Site "Helsinki FIN"]
[Date "1999.01.31"]
[Round "9"]
[White "Hagesaether, Ellen"]
[Black "Koskela, Niina"]
[Result "0-1"]
[WhiteElo "2028"]
[BlackElo "2213"]
[EventDate "1999.01.23"]
[PlyCount "120"]

1.Nf3 Nf6 2.g3 d5 3.Bg2 Nc6 4.O-O e5 5.d3 Bc5 6.c3 a5 7.Qc2 O-O 8.e4 dxe4 
9.dxe4 b6 10.h3 Qe7 11.Re1 Ba6 12.Nh4 g6 13.Bh6 Rfd8 14.Bf3 Kh8 15.Qc1 Ng8
16.Be3 Bxe3 17.Rxe3 Rd6 18.Na3 Nf6 19.Be2 Bxe2 20.Rxe2 Rad8 21.Nf3 Rd3 22.
Ne1 R3d7 23.Qe3 Qe6 24.Kg2 Kg7 25.b3 h6 26.Nc4 Nh7 27.f4 Nf6 28.fxe5 Nxe5 
29.Nxe5 Qxe5 30.Nf3 Qe8 31.c4 Nh7 32.e5 Nf8 33.Nh2 Rd3 34.Qf4 Qc6+ 35.Kf2 
R8d4 36.Qc1 Ne6 37.Qh1 Qc5 38.Kg2 Ng5 39.Ng4 Qc6+ 40.Kf2 Nxh3+ 41.Qxh3 
Qf3+ 42.Ke1 Rxg4 43.Qf1 Rxg3 44.Qxf3 Rdxf3 45.Kd2 Rd3+ 46.Kc2 Rde3 47.Rd2 
Rxe5 48.Rf1 Rge3 49.Rd7 Re7 50.Rd5 Re2+ 51.Kd3 Rxa2 52.c5 c6 53.Rd6 bxc5 
54.Rxc6 a4 55.bxa4 Rxa4 56.Rxc5 Raa7 57.Rb5 Rad7+ 58.Kc4 Re6 59.Rb8 Rc6+ 
60.Kb5 Rc2 0-1

[Event "zonal 1.3 (w)"]
[Site "Helsinki FIN"]
[Date "1999.01.31"]
[Round "9"]
[White "Peicheva-Hansen, Evgenia"]
[Black "Rantanen, Tanja"]
[Result "1/2-1/2"]
[WhiteElo "2185"]
[BlackElo "2003"]
[EventDate "1999.01.23"]
[PlyCount "105"]

1.c4 c6 2.g3 d5 3.Bg2 e5 4.cxd5 cxd5 5.d3 Nf6 6.Nf3 Nc6 7.O-O Be7 8.a3 O-O
9.b4 a6 10.Bb2 Bd6 11.Nbd2 h6 12.h3 Be6 13.Kh2 Rc8 14.Rc1 Nd7 15.e4 f5 16.
Qb3 Nb6 17.Nh4 Rf6 18.exf5 Bf7 19.Kg1 Ne7 20.g4 h5 21.Nhf3 hxg4 22.hxg4 d4
23.Qd1 Rxc1 24.Bxc1 Bb8 25.Ne4 Rc6 26.Bg5 Qc7 27.Re1 Ned5 28.Nfd2 Nc3 29.
Qf3 Nbd5 30.Qh3 a5 31.bxa5 Qxa5 32.Nc4 Rxc4 33.dxc4 Nxe4 34.Rxe4 Nc3 35.
Bd2 Qxa3 36.Re1 Bxc4 37.f6 gxf6 38.Qh6 Qe7 39.Bxc3 dxc3 40.Rc1 Qg7 41.
Qxg7+ Kxg7 42.Bxb7 Be6 43.Rxc3 Bxg4 44.Rg3 f5 45.Rb3 Ba7 46.Bc8 Bd4 47.Kg2
e4 48.Ba6 Bf3+ 49.Kf1 Kf6 50.Be2 Bxe2+ 51.Kxe2 Ke5 52.Rb8 Kf4 53.Rg8 
1/2-1/2